000 00471nam a2200181Ia 4500
005 20250326124349.0
008 250326s9999 xx 000 0 und d
037 _aTextbook
040 _aFMSL
_beng
_cFMSL
041 _aeng
_2eng
084 _aX:77 L3
_qFMSL
100 _aEltis W A
245 0 _aGrowth and distribution
_cEltis W A
260 _aLondon
_bLondon, Macmillan
_c1973
300 _a364p
942 _cTB
_hX:77 L3
999 _c1273436
_d1273436